MAASAI MARA UNIVERSITY

LIBRARY CATALOGUE

Contact Us: +254 020 2685356/7 or 0774 057787

Box: 861-20500, NAROK, KENYA

Email: info@mmarau.ac.ke

The growth and sustainability of agriculture in Asia / (Record no. 19250)

MARC details
000 -LEADER
fixed length control field 00937nam a22002657a 4500
001 - CONTROL NUMBER
control field 12149578
003 - CONTROL NUMBER IDENTIFIER
control field OSt
005 - DATE AND TIME OF LATEST TRANSACTION
control field 20210114150148.0
008 - FIXED-LENGTH DATA ELEMENTS--GENERAL INFORMATION
fixed length control field 161005b xxu||||| |||| 00| 0 eng d
010 ## - LIBRARY OF CONGRESS CONTROL NUMBER
LC control number 00064983
020 ## - INTERNATIONAL STANDARD BOOK NUMBER
International Standard Book Number 0195924509 (pbk.)
020 ## - INTERNATIONAL STANDARD BOOK NUMBER
International Standard Book Number 0195924495 (hbk.)
040 ## - CATALOGING SOURCE
Original cataloging agency MMU
Transcribing agency MMU
Modifying agency MMU
Language of cataloging eng
050 00 - LIBRARY OF CONGRESS CALL NUMBER
Classification number S470.A1
Item number M56 2000
100 1# - MAIN ENTRY--PERSONAL NAME
Personal name Mingsan Khāosaʻāt.
245 14 - TITLE STATEMENT
Title The growth and sustainability of agriculture in Asia /
Statement of responsibility, etc. by Mingsarn Santikarn Kaosa-ard and Benjavan Rerkasem ; with contributions by Shelley Grasty ... [et al.].
260 ## - PUBLICATION, DISTRIBUTION, ETC. (IMPRINT)
Place of publication, distribution, etc. Oxford [England] ;
-- New York :
Name of publisher, distributor, etc. Oxford University Press,
Date of publication, distribution, etc. 2000.
300 ## - PHYSICAL DESCRIPTION
Extent xii, 303 p. :
Dimensions 23 cm.
500 ## - GENERAL NOTE
General note Includes bibliographical references and indexes.
650 #0 - SUBJECT ADDED ENTRY--TOPICAL TERM
Topical term or geographic name as entry element Agriculture
Geographic subdivision Asia.
650 #0 - SUBJECT ADDED ENTRY--TOPICAL TERM
Topical term or geographic name as entry element Agricultural productivity
Geographic subdivision Asia.
650 #0 - SUBJECT ADDED ENTRY--TOPICAL TERM
Topical term or geographic name as entry element Sustainable development
Geographic subdivision Asia.
700 1# - ADDED ENTRY--PERSONAL NAME
Personal name Benjavan Rerkasem.
942 ## - ADDED ENTRY ELEMENTS (KOHA)
Source of classification or shelving scheme Library of Congress Classification
Koha item type L
Holdings
Withdrawn status Lost status Source of classification or shelving scheme Damaged status Not for loan Home library Current library Date acquired Source of acquisition Total Checkouts Full call number Barcode Date last seen Price effective from Koha item type
    Library of Congress Classification     Maasai Mara University Library -Main Campus Maasai Mara University Library -Main Campus 10/05/2016 Donation   S470.A1M56 2000 201618068 10/05/2016 10/05/2016 SL
© 2016 Maasai Mara University.